| 000 | 00801nam a2200253 i 4500 | ||
|---|---|---|---|
| 001 | 186328 | ||
| 003 | SpMaBN | ||
| 005 | 20230906222639.0 | ||
| 008 | 161025s1988 mx |||| | spa d | ||
| 020 | _a968-23-0557-8 | ||
| 080 | _a821.133.1-4"19" | ||
| 100 | 1 |
_aBarthes, Roland. _926125 |
|
| 245 | 1 | 0 |
_aMitologías / _cpor Roland Barthes ; [traducción de Héctor Schmucler]. |
| 250 | _a7ª ed. en español. | ||
| 260 |
_aMéxico : _bSiglo Veintiuno, _c1988. |
||
| 300 |
_a257 p. ; _c18 cm. |
||
| 490 | 1 | _aTeoría | |
| 594 | _aRecopilación de artículos del autor, escritos entre 1954 y 1956. | ||
| 650 | 4 |
_aSemiótica. _917041 |
|
| 700 | 1 |
_aSchmucler, Héctor. _9104537 |
|
| 830 | 0 |
_aTeoría _9177535 |
|
| 852 |
_aES-MaACL _jL-30688 _z. - Donat. Miguel A. Velasco |
||
| 999 |
_c186328 _d186328 |
||